Responses for Show #2545 - Friday, September 29, 1995

Linda Roberts game 5.
Gordon Wean game 1.

Contestants

[<< previous game]

Sam Hartwell, a management consultant from Shaker Heights, Ohio

Gordon Wean, a teacher from Cleveland Heights, Ohio

Linda Roberts, a registered nurse from Houston, Texas (whose 4-day cash winnings total $50,404)

[next game >>]

Jeopardy! Round responses

ASIAN HISTORY
ROCK SONGS
SEAFOOD
THE 50 STATES
GAMBLING
FILE UNDER "P"
    $100 1
Alexander

Linda
    $100 26
Elton John

Linda
    $100 6
lobster

Gordon
    $100 7
California

Gordon
    $100 12
blackjack

Linda
    $100 15
Palm

Gordon
    $200 2
the emperor (Hirohito)

Linda
    $200 27
Paul Simon

Linda
    $200 8
crab

Gordon
    $200 14
Texas

Gordon
    $200 13
Monte Carlo

Gordon
    $200 16
Parliament

Linda
    $300 3
Bangladesh

Linda
    $300 28
Aretha Franklin

Gordon
    $300 9
mahi mahi

Gordon
    $300 20
Oklahoma

Gordon
    $300 23
poker

Gordon
    $300 17
Pikes Peak

Sam
    $400 4
Burma

Linda
    $400 29
Huey Lewis

Gordon
    $400 10
scallops

Linda
    $400 21
Minnesota

Sam
    $400 24
craps

Sam
    $400 18
parry

Sam
    $500 5
(Alex: Well done in the category.)
[Applause for sweeping the category]

the mujahideen

Linda
    $500 30
Kiss

Gordon
    $500 11
abalone

Linda
    $700 22
New York

Sam
    $500 25
Mahjong

Gordon
    $500 19
Linus Pauling

Gordon

Scores at the first commercial break (after clue 15):

Linda Gordon Sam
$2,500 $1,200 $0

Scores at the end of the Jeopardy! Round:

Linda Gordon Sam
$3,000 $4,000 $2,200

Double Jeopardy! Round responses

U.S. PRESIDENTS
COMPUTERS
POETRY
RODENTS
NOTABLE WOMEN
MOVIE DEBUTS
    $200 1
Franklin Roosevelt

Linda
    $200 2
a mouse

Linda
    $200 3
Shakespeare

Linda
    $200 8
white

Sam
    $200 19
Agatha Christie

Gordon
    $200 26
Tom Cruise

Linda
    $400 9
Gerald Ford

Linda
    $400 13
a modem

Linda
    $400 4
Robert Burns

Gordon
    $400 15
the beaver

Gordon
    $400 20
Princeton

Linda
    $400 27
Clint Eastwood

Linda
    $600 10
(Andrew) Jackson

Gordon
    $600 14
artificial intelligence

Gordon
    $600 5
Shelley

Linda
    $600 16
the guinea pig

Linda
    $3,000 21
Liz Claiborne

Linda
    $600 28
Daryl Hannah

Linda
    $800 11
(Zachary) Taylor

Gordon
    $800 23
operating systems

Sam
    $800 6
(William) Blake

Gordon
    $800 17
the chinchilla

Linda
    $800 22
Betty Friedan

Sam
    $800 29
Mia Farrow

Gordon
    $1000 12
Van Buren

Linda
    $1000 24
spreadsheets

Linda
    $1,000 7
(Alex: All right, we'll do that... "Elegy in a Country [*]".)

a (country) churchyard

Gordon
    $1000 18
the capybara

Gordon
    $1000 25
(Linda: Who is [sounded like] Leer?)

Mirabella

Linda
Triple Stumper
    $1000 30
Faye Dunaway

Gordon

Scores at the end of the Double Jeopardy! Round:

Linda Gordon Sam
$12,000 $11,600 $4,000

[wagering suggestions for these scores]

Final Jeopardy! Round responses

19th CENTURY ARTISTS
(Alex: The dispute was with John Ruskin. [*] won, but he was awarded only one farthing.)
SamWho was Manet
$2,000
GordonWho was Whistler?
$8,000
LindaWho is Rousseau?
$11,200
(James Abbott McNeil) Whistler

Final scores:

Linda Gordon Sam
$800 $19,600 $2,000
3rd place: Krieger watch + Jeopardy! home game New champion: $19,600 2nd place: General Instrument satellite TV system & Samsung 27" TV + Jeopardy! home game

Game dynamics:

Coryat scores:

Linda Gordon Sam
$9,600 $11,600 $3,800
26 R
(including 1 DD),
1 W
25 R
(including 1 DD),
0 W
8 R
(including 1 DD),
0 W

Combined Coryat: $25,000

[game clues] [game scores] [suggest correction]

Game tape date: Unknown
The J! Archive is created by fans, for fans. Scraping, republication, monetization, and malicious use prohibited; this site may use cookies and collect identifying information. See terms. The Jeopardy! game show and all elements thereof, including but not limited to copyright and trademark thereto, are the property of Jeopardy Productions, Inc. and are protected under law. This website is not affiliated with, sponsored by, or operated by Jeopardy Productions, Inc. Join the discussion at JBoard.tv.